Time domain analysis of three-phase single-stage AC/DC resonant converter using numerical calculation / (Record no. 19434)
[ view plain ]
| 000 -LEADER | |
|---|---|
| fixed length control field | 01038nam a22002417a 4500 |
| 003 - CONTROL NUMBER IDENTIFIER | |
| control field | OSt |
| 005 - DATE AND TIME OF LATEST TRANSACTION | |
| control field | 20250917090130.0 |
| 008 - FIXED-LENGTH DATA ELEMENTS--GENERAL INFORMATION | |
| fixed length control field | 240228b ||||| |||| 00| 0 eng d |
| 040 ## - CATALOGING SOURCE | |
| Transcribing agency | 0 |
| 082 ## - DEWEY DECIMAL CLASSIFICATION NUMBER | |
| Classification number | DPer 621.317 Ie21 June 2022 v. 37 n. 6 |
| 100 ## - MAIN ENTRY--PERSONAL NAME | |
| Personal name | Li, Xiang. |
| Relator term | author. |
| 9 (RLIN) | 53671 |
| 245 ## - TITLE STATEMENT | |
| Title | Time domain analysis of three-phase single-stage AC/DC resonant converter using numerical calculation / |
| Statement of responsibility, etc. | Xiang Li, Liuniu Guo, Sainan Chen, Tianchen Lang, Daorong Lu, and Haibing Hu. |
| 260 ## - PUBLICATION, DISTRIBUTION, ETC. (IMPRINT) | |
| Place of publication, distribution, etc. | New York ; |
| Name of publisher, distributor, etc. | The Institute of Electrical and Electronics Engineers, Inc. , |
| Date of publication, distribution, etc. | June 2022. |
| 300 ## - PHYSICAL DESCRIPTION | |
| Extent | Volume 37, pages 6857-6872 : |
| Other physical details | illustration ; |
| Dimensions | 29 cm. |
| 500 ## - GENERAL NOTE | |
| General note | IEEE Transactions on Power Electronics, vol. 37, no. 6, pages 6857-6872, June 2022. |
| 700 ## - ADDED ENTRY--PERSONAL NAME | |
| Personal name | Li, Xiang. |
| Relator term | author. |
| 9 (RLIN) | 53671 |
| 700 ## - ADDED ENTRY--PERSONAL NAME | |
| Personal name | Guo, Liuniu. |
| Relator term | author. |
| 9 (RLIN) | 53672 |
| 700 ## - ADDED ENTRY--PERSONAL NAME | |
| Personal name | Chen, Sainan. |
| Relator term | author. |
| 9 (RLIN) | 53673 |
| 700 ## - ADDED ENTRY--PERSONAL NAME | |
| Personal name | Lang, Tianchen. |
| Relator term | author. |
| 9 (RLIN) | 53674 |
| 700 ## - ADDED ENTRY--PERSONAL NAME | |
| Personal name | Lu, Daorong. |
| Relator term | author. |
| 9 (RLIN) | 53675 |
| 700 ## - ADDED ENTRY--PERSONAL NAME | |
| Personal name | Hu, Haibing. |
| Relator term | author. |
| 9 (RLIN) | 53676 |
| 942 ## - ADDED ENTRY ELEMENTS (KOHA) | |
| Source of classification or shelving scheme | Dewey Decimal Classification |
| Koha item type | Periodicals |
| Withdrawn status | Lost status | Source of classification or shelving scheme | Damaged status | Not for loan | Collection code | Home library | Current library | Date acquired | Total Checkouts | Full call number | Date last seen | Price effective from | Koha item type | Public note |
|---|---|---|---|---|---|---|---|---|---|---|---|---|---|---|
| Dewey Decimal Classification | Periodicals | UM Digos College - LIC | UM Digos College - LIC | 02/28/2024 | DPer 621.317 Ie21 June 2022 v.37 n. 6 | 02/28/2024 | 02/28/2024 | Periodicals | Periodical Article |
